000 00659nam a22001817a 4500
003 BD-DhUL
005 20180513103644.0
008 180513s0000 ii ||||| |||| 00| 0 ben d
040 _aBD-DhUL
_cBD-DhUL
082 _a891.443
_bMIN
100 1 _aমিত্র, প্রেমেন্দ্র
245 0 0 _aনিশীথ নগরী /
_cপ্রেমেন্দ্র মিত্র
260 _aকলিকাতা :
_bগুপ্ত ফ্রেণ্ডস্,
_c০০০০।
300 _a১৬১ পৃ. ;
_c২২ সেমি.
650 4 _aবাংলা উপন্যাস
650 4 _aBengali fiction
942 _2ddc
_cBK
999 _c241235
_d241235